| 000 | 00628nam a22001937a 4500 | ||
|---|---|---|---|
| 005 | 20251108164109.0 | ||
| 008 | 250721s1999 xx 000 0 ara d | ||
| 082 | 1 | 4 | _a811.909564/بني |
| 100 | 1 | _aبني يونس، فايز نهار | |
| 245 | 1 | 0 | _aشرح قصائد من الدر المنظوم لسمو الشيخ محمد بن راشد آل مكتوم / |
| 264 | _c1999. | ||
| 300 | _a108ص | ||
| 650 | 1 | 7 | _aالشعر العربي |
| 650 | 1 | 7 | _aالإمارات العربية المتحدة |
| 650 | 1 | 7 | _aالنقد الأدبي |
| 700 | 1 | _aبني فوج، منير عجاج | |
| 942 |
_2ddc _cBK |
||
| 999 |
_c3549 _d3549 |
||